| 000 | 00554nam a2200193 a 4500 | ||
|---|---|---|---|
| 001 | 1770111162605 | ||
| 003 | YourLibrary | ||
| 005 | 20260203155518.0 | ||
| 008 | 260203s2007##################000#0#eng## | ||
| 020 | _a9783631563960 | ||
| 082 | 0 | 4 |
_a305.4209436 _bTAR |
| 100 | 1 |
_aTarnawska, Magdalena, _eauthor. |
|
| 245 | 1 | 0 | _a... und Medea War Eine Ärztin : |
| 260 |
_bPeter Lang Gmbh, Internationaler Verlag Der Wissenschaften, _c2007. |
||
| 300 | _a196 pages | ||
| 650 | 0 | _aEducation. | |
| 942 | _cENGLISH | ||
| 040 |
_aYourLibrary _beng _cYourLibrary |
||
| 999 |
_c610021 _d610021 |
||